Responses for Show #5352 - Tuesday, December 11, 2007

Contestants

[<< previous game]

Leslie Rochlen, a professional organizer from Bridgeport, Connecticut

Mike Donilon, a finance manager from Orlando, Florida

Jenn Cannon, a physician from Ann Arbor, Michigan (whose 2-day cash winnings total $30,399)

[next game >>]

Jeopardy! Round responses

AUTHORS
1987
SNACK ATTACK
BIRDS
ODDS & ENDS
FIRST LADIES' RHYME TIME
    $200 26
(Margaret) Mitchell

Mike
    $200 11
Margaret Thatcher

Mike
    $200 1
(Jenn: What is Dunkin' Donuts?)

Krispy Kreme

JennMike
    $200 6
a trumpeter swan

Jenn
    $200 16
OPEC

Jenn
    $200 21
Nancy's fancies

Mike
    $400 27
Herman Melville

Triple Stumper
    $400 12
(Ivan) Lendl

Jenn
    $400 2
a peanut butter cup

Jenn
    $400 7
Africa

Jenn
    $400 17
the Sears Tower

Jenn
    $400 22
Pat's mats

Jenn
    $600 28
Chekhov

Jenn
    $600 13
a surrogate

Jenn
    $600 3
Ben & Jerry

Leslie
    $600 8
crane

Triple Stumper
    $600 18
Winston Churchill

Triple Stumper
    $600 23
Bess's dresses

Leslie
    $800 29
(John) Jakes

Mike
    $800 14
Mir

Mike
    $800 4
the South Beach diet

Leslie
    $800 9
laughing thrush

Mike
    $800 19
(Rene) Lacoste

Jenn
    $800 24
Betty's jetties

Leslie
    $1000 30
Edith Wharton

Leslie
    $1000 15
Robert Bork

Triple Stumper
    $1000 5
(Mike: What are Lay's [*]?)
...
(Alex: [*], yes, you added an element that made it incorrect.)

potato chips

JennMike
    $500 10
(Alex: The black-necked [*].)

a stilt

Mike
    $1000 20
cold cream

Leslie
    $1000 25
Laura's auras

Leslie

Scores at the first commercial break (after clue 15):

Jenn Mike Leslie
$2,800 $1,500 $1,400

Scores at the end of the Jeopardy! Round:

Jenn Mike Leslie
$5,200 $2,700 $5,800

Double Jeopardy! Round responses

MUNICH
"AI"
THE COLOR PURPLE
MINORITY REPORT
CLOSE ENCOUNTERS
SPIELBERG MOVIES
    $400 15
bubonic plague

Mike
    $400 20
porcelain

Leslie
    $400 5
Purple Heart

Mike
    $400 10
the Constitution

Jenn
    $400 25
the sun

Jenn
    $400 1
(Mike: What is Amazing Stories?)
(Leslie: What is Tales of the Crypt?)

Twilight Zone

MikeLeslie
Triple Stumper
    $800 16
heart

Jenn
    $800 21
archaic

Leslie
    $1,500 6
(Mike: What is Sunday?)
(Alex: It was a [*] for Mardi Gras in honor of the people of New Orleans.)

Tuesday

Mike
    $800 11
John Roberts

Jenn
    $800 26
a ghost

Mike
    $800 2
Amblin

Mike
    $1200 17
1972

Mike
    $1200 22
daiquiri

Triple Stumper
    $1200 7
the Minnesota Vikings

Leslie
    $1200 12
obscenity

Leslie
    $1200 27
Mike Wallace

Mike
    $1200 3
Schindler's List

Leslie
    $1600 18
monk

Leslie
    $1600 23
an au pair

Leslie
    $1600 8
King George III

Jenn
    $1,500 13
clear and present

Leslie
    $1600 28
Pope John Paul II

Mike
    $1600 4
Empire of the Sun

Jenn
    $2000 19
(Leslie: What is the Inquisition?)

the Counter-Reformation

Leslie
Triple Stumper
    $2000 24
caiman

Jenn
    $2000 9
the columbine

Jenn
    $2000 14
Plessy v. Ferguson

Leslie
    $2000 29
a front

Mike
    $2000 30
1941

Mike

Scores at the end of the Double Jeopardy! Round:

Jenn Mike Leslie
$14,800 $11,200 $14,900

[wagering suggestions for these scores]

Final Jeopardy! Round responses

SHAKESPEAREAN TRAGEDY CHARACTERS
(Alex: Untimely plucked from his mother's womb.)
MikeWho was Duncan
$8,800
JennWho is MacDuff?
$14,600
LeslieWho is Macduff?
$14,850
Macduff

Final scores:

Jenn Mike Leslie
$29,400 $2,400 $29,750
2nd place: $2,000 3rd place: $1,000 New champion: $29,750

Game dynamics:

Coryat scores:

Jenn Mike Leslie
$14,800 $13,200 $15,000
19 R,
1 W
17 R
(including 1 DD),
3 W
(including 1 DD)
16 R
(including 1 DD),
2 W

Combined Coryat: $43,000

[game clues] [game scores] [suggest correction]

Game tape date: 2007-08-29
The J! Archive is created by fans, for fans. Scraping, republication, monetization, and malicious use prohibited; this site may use cookies and collect identifying information. See terms. The Jeopardy! game show and all elements thereof, including but not limited to copyright and trademark thereto, are the property of Jeopardy Productions, Inc. and are protected under law. This website is not affiliated with, sponsored by, or operated by Jeopardy Productions, Inc. Join the discussion at JBoard.tv.